000 00919nam a22002417a 4500
999 _c22543
_d22543
003 AR-CdUCM
008 190423b ||||| |||| 00| 0 spa d
020 _a9786124426261
040 _aMUNICIPALIDAD PROVINCIAL DEL CUSCO
_cBIBLIOTECA MUNICIPAL DEL CUSCO
041 _hspa
082 _aES/808.83/K3
_bK3
100 _aHarrison, Paula
_948465
245 _aKitty y el secreto del jardín /
_cPaula Harrison por el texto ; Jenny Lovlie por las ilustraciones ; Sara Cano Fernández por la traducción
260 _aLima :
_bAlfaguara,
_bPenguin Random House Grupo Edtorial,
_c2020.
300 _a128 páginas. :
_bilustraciones,
_c21 cm.
500 _aTraducción de: Kitty and the sky garden adventure
650 _aCuentos infantiles ingleses
_948434
650 _aSiglo XX
_948464
700 _aLovlie, Jenny
_eilustrador
_948466
700 _aCano, Sara
_etraductor
_948467
942 _2ddc
_cLIBROS
945 _arac